LEADER 01818nam a2200385 a 4500 001 000000125958 003 CaOOAMICUS 005 20110712122404.0 008 110712s2000 gw hf u000 u lat r 020 $a3-7752-5538-9 040 $aPUL$bita 041 0 $alat$ager 100 0 $aRicherus Remensis,$dca. 940-998.$0(OLS)http://pul/name/80071 245 10$aHistoriae /$cRicher Von Saint-Remi ; herausgegeben von Hartmut Hoffmann. 260 $aHannover :$bHahnsche Buchhandlung,$c2000. 300 $a433 p., [66] c. di tav. :$bfacs. ;$c30 cm 490 1 $aMonumenta Germaniae historica.$aScriptores ;$v38 500 $aBibliografia: p. [19]-32. 546 $aTesto in latino, introduzione e note in tedesco. 651 4$aFrancia$xStoria$yFino al 978.$0(OLS)http://pul/subject/38155 700 1 $aHoffmann, Hartmut.$0(OLS)http://pul/name/7688 700 02$aRicherus Remensis,$dca. 940-998.$tHistoriae.$0(OLS)http://pul/nameTitle/1445$0(OLS)http://pul/name/80071$0(OLS)http://pul/title/132189 710 2 $aStaatsbibliothek Bamberg.$kMss.$n(Msc. Hist. 5).$0(OLS)http://pul/name/80073 830 0$aMonumenta Germaniae historica.$pScriptores ;$v37.$0(OLS)http://pul/title/30539 850 $aPUL 852 $aPUL$W1$xSL Cons. Gen., Altre Classi 1$y1$m2017 A 5.38$j145137$qStampati$B144135$CPULBib$Z2$F144135 $H117723 $82 900 $aRichero di Reims,$dca. 940-998$980071 900 $aRicherio di Reims,$dca. 940-998$980071 900 $aRichero di Reims,$dca. 940-998$980071 900 $aRicherio di Reims,$dca. 940-998$980071 941 1 $a8 996 $6020$a3-7752-5538-9$9(OLS)http://pul/number/147712 996 $6245$aHistoriae$9(OLS)http://pul/title/158999 996 $6260$aHannover :$bHahnsche Buchhandlung$9(OLS)http://pul/publisher/47941 LEADER 01286nam a2200277 a 4500 001 000000115944 003 CaOOAMICUS 005 20090529121554.0 008 090529s2009 it u000 u ita r 020 $z978-88-8272-435-1* 040 $aPUL$bita$dLDB 100 1 $aMaggiolini, Alessandro,$cvesc. di Como,$d1931-2008.$0(OLS)http://pul/name/42854 245 10$aAmore umano e cristiano :$bmatrimonio sacramento, verginità consacrata, criteri di scelta /$cAlessandro Maggiolini. 260 $aSiena :$bCantagalli,$cc2009. 300 $a215 p. ;$c21 cm. 490 1 $aCristianesimo e cultura ;$v08 504 $aBibliografia in nota. 650 4$aMatrimonio (sacramento).$0(OLS)http://pul/subject/86 650 4$aVerginità.$0(OLS)http://pul/subject/1187 830 0$aCristianesimo e cultura ;$v08.$0(OLS)http://pul/title/116374 850 $aPUL 852 $aPUL$W1$xSL Religione 3$y85$m248. 4 MAGAL 1$j132840$qDDC 21$B131839$CPULBib$Z2$F131839 $H110252 $82 941 1 $a9 996 $6020$z978-88-8272-435-1*$9(OLS)http://pul/number/140946 996 $6245$aAmore umano e cristiano :$bmatrimonio sacramento, verginità consacrata, criteri di scelta$9(OLS)http://pul/title/145701 996 $6260$aSiena :$bCantagalli$9(OLS)http://pul/publisher/48759